Normal view
MARC view
Entry Personal Name
001 - CONTROL NUMBER
- control field: 1237389
003 - CONTROL NUMBER IDENTIFIER
- control field: OSt
005 - DATE AND TIME OF LATEST TRANSACTION
- control field: 20260430150411.0
008 - FIXED-LENGTH DATA ELEMENTS
- fixed length control field: 260430|| aca||aabn | a|a d
040 ## - CATALOGING SOURCE
- Original cataloging agency: OSt
- Transcribing agency: OSt
100 ## - HEADING--PERSONAL NAME
- Personal name: Goswami Deepak Au.; Narayan Prakash Gu
670 ## - SOURCE DATA FOUND
- Source citation: Work cat.: (OSt)1849693: Goswami Deepak Au.; Narayan Prakash Gu., Demographic and Employability Challenges: A Study of Skill Education and Its Sustainability, 2022
